000 01437nam a2200397 a 4500
001 vtls001409568
003 NLI
005 20210627105152.0
008 121127m19511967ii 001 0 eng d
039 9 _y201211272107
_zVLOAD
040 0 _aNLI
_beng
_cEntertech IOD - 2013
_eAACR2
041 0 _aeng
044 _aii
082 0 4 _a632
110 1 _aIndia
_bMinistry of Food and Agriculture
_9844072
245 1 0 _aReport of the directorate of plant protection, quarantive and storage /
_cissued by the Plant Protection Advisor
260 _aNew Delhi :
_bManager of Publications,
_c1951-1967
300 _a-v. ;
_c21 cm.
650 0 _aPlant
_zIndia
_9945404
650 0 _aCrop Science
_xDisease
_zIndia
_9945405
710 1 _aIndia
_bMinistry of Food and Agriculture
_9844072
887 _a
901 _a41896 date
_b20.07.1965
_91951-61
901 _a55878 date
_b13.03.1969
_91961-63
901 _a59496 date
_b17.07.1970
_91963-65
901 _a60054 date
_b17.10.1970
_91965-67
901 _a61431 date
_b14.06.1971
_91965-67, c.2
902 _aGP 632.(54) In2
949 _AVIRTUAITEM
_D10000
_X100
_6IOD000041896ENG
_91951-61
942 _2ddc
_cBKS
949 _AVIRTUAITEM
_D10000
_X100
_6IOD000055878ENG
_91961-63
949 _AVIRTUAITEM
_D10000
_X100
_6IOD000059496ENG
_91963-65
949 _AVIRTUAITEM
_D10000
_X100
_6IOD000060054ENG
_91965-67
949 _AVIRTUAITEM
_D10000
_X100
_6IOD000061431ENG
_91965-67,
999 _c831777
_d831777